| 000 | 03417cam a2200649 i 4500 | ||
|---|---|---|---|
| 999 |
_c2044 _d2044 |
||
| 001 | 20602858 | ||
| 003 | OSt | ||
| 005 | 20230602141922.0 | ||
| 008 | 180727t20122011enka j 000 f eng d | ||
| 010 | _a 2018287639 | ||
| 015 |
_aGBB220555 _2bnb |
||
| 016 | 7 |
_a016039163 _2Uk |
|
| 020 | _a9781471119125 | ||
| 035 | _a(OCoLC)ocn779244753 | ||
| 040 |
_aUKMGB _beng _cUKMGB _dOCLCO _dSINLB _dOCLCA _dAUMCS _dCUD _dRLZ _dOCLCO _dOCLCQ _dAU@ _dOCLCF _dMYNLM _dIHX _dOCLCO _dOCLCQ _dOCLCO _dOCL _dOCLCO _dCNGUL _dNSELP _dNZOTG _dNZMTP _dNZTHP _dNZHSD _dNZTPM _dNTAUP _dERD _dNZIPP _dNZROP _dNZEPN _dNZBWR _dNZDAP _dNZQQP _dCNCBE _dNZHPC _dNZTOP _dOCLCQ _dAZH _dNZOPM _dKOTUI _dNZLEP _dAZZPT _dDLC _erda _dDLC _dKH8 |
||
| 042 | _alccopycat | ||
| 082 | 0 | 4 |
_aFIC RUS _223 |
| 100 | 1 |
_aRussell, Rachel Renée, _eauthor, _eillustrator. |
|
| 245 | 1 | 0 |
_aNot so Graceful Ice Princess / _cRachel Renée Russell. |
| 264 | 1 |
_aLondon : _bSimon & Schuster, _c2012. |
|
| 264 | 4 | _c©2011 | |
| 300 |
_a346 pages : _billustrations ; _c20 cm. |
||
| 336 |
_atext _btxt _2rdacontent |
||
| 337 |
_aunmediated _bn _2rdamedia |
||
| 338 |
_avolume _bnc _2rdacarrier |
||
| 490 | 1 | _aDork Diaries | |
| 500 | _aOriginally published: New York: Aladdin, 2012, London. | ||
| 520 | _aNikki Maxwell isn't at all surprised to find out that her crush Brandon volunteers at a local animal shelter. He's such a sweet guy - of course he wants to help those adorable puppies! Then Brandon tells her that the shelter is in danger of closing, and Nikki knows she can't let that happen. Especially when she discovers a shocking secret about Brandon that makes keeping that shelter open more important than ever. So Nikki and her friends Chloe and Zoey enter an ice skating competition to help raise money for the shelter, but (big surprise) Mackenzie has to stick her nose in and cause trouble so that she can be the one to swoop in and save the day. No way will Nikki let that happen: She'll just have to come up with some extra creative ideas this time! | ||
| 521 | 1 | _aAge 9+. | |
| 650 | 0 |
_aDiaries _vJuvenile fiction. |
|
| 650 | 0 |
_aFriendship _vJuvenile fiction. |
|
| 650 | 0 |
_aPopularity _vJuvenile fiction. |
|
| 650 | 0 |
_aSchools _vJuvenile fiction. |
|
| 650 | 0 |
_aSkating _vJuvenile fiction. |
|
| 650 | 1 |
_aDiaries _vFiction. |
|
| 650 | 7 |
_aDiaries _vJuvenile fiction. _2cct |
|
| 650 | 7 |
_aFriendship _vJuvenile fiction. _2cct |
|
| 650 | 7 |
_aPopularity _vJuvenile fiction. _2cct |
|
| 650 | 7 |
_aSchools _vJuvenile fiction. _2cct |
|
| 650 | 7 |
_aSkating _vJuvenile fiction. _2cct |
|
| 650 | 7 |
_aDiaries. _2fast _0(OCoLC)fst00892657 |
|
| 650 | 7 |
_aFriendship. _2fast _0(OCoLC)fst00935174 |
|
| 650 | 7 |
_aPopularity. _2fast _0(OCoLC)fst01071475 |
|
| 650 | 7 |
_aSchools. _2fast _0(OCoLC)fst01107958 |
|
| 650 | 7 |
_aSkating. _2fast _0(OCoLC)fst01119901 |
|
| 655 | 0 | _aChildren's stories. | |
| 655 | 4 | _aChildren's stories. | |
| 655 | 7 |
_aDiary fiction. _2fast _0(OCoLC)fst01726582 |
|
| 655 | 7 |
_aFiction. _2fast _0(OCoLC)fst01423787 |
|
| 655 | 7 |
_aJuvenile works. _2fast _0(OCoLC)fst01411637 |
|
| 655 | 7 |
_aDiary fiction. _2lcgft |
|
| 800 | 1 |
_aRussell, Rachel Renée. _tDork diaries. |
|
| 906 |
_a7 _bcbc _ccopycat _d2 _encip _f20 _gy-gencatlg |
||
| 942 |
_2ddc _cFIC |
||